| 000 | 00647nam a2200181 a 4500 | ||
|---|---|---|---|
| 001 | 5824 | ||
| 003 | CDMR | ||
| 005 | 20131216135451.0 | ||
| 008 | 130130s ||||||||||||||||||||||||||||d | ||
| 040 |
_aCDMR _bcat _cCDMR |
||
| 245 | 0 |
_aOrganización de campañas para la libertad de expresión _b: un manual para los defensores : el intercambio internacional por la libertad de expresión |
|
| 260 |
_bIFEX _aToronto _c2005 |
||
| 300 | _a150 p. | ||
| 650 | 0 | 4 |
_93073 _aLlibertat d'expressió |
| 650 | 0 | 4 |
_94329 _aPlanificació estratègica |
| 856 | 4 | 0 |
_uhttp://www.ifex.org/download/es/IFEXHandbookSpanish.pdf _yDisponible en línia (PDF) |
| 942 |
_cMON _2udc |
||
| 999 |
_c5824 _d5824 |
||